000 00480nam a2200157 4500
999 _c5825
_d5825
008 161122b xxu||||| |||| 00| 0 eng d
022 _a9770118389007
082 _aDPer 641.05 F73 Mar-Jul 2013
100 _917724
_aDiaz, Tina Conception
245 _aTaming the grill/
_cTina Conception Diaz.
260 _aQuezon City:
_bABS CBN Publishing, Inc.,
_c©2013.
300 _apages 26-34;
_c30 cm.
500 _aFood.
650 0 _917725
_aBarbeque cooking
942 _2ddc
_cPER